000
00342nam a22001337a 4500
003
SGT
020
_a
817055196X
082
_a
891.4309
_b
M02J
100
_a
जैन, निर्मला
245
_a
महादेवी संचयिता
260
_b
वाणी प्रकाशन
_c
2002
300
_a
434
942
_2
ddc
_c
BK
999
_c
31300
_d
31300